| 000 | 00951nam a2200229Ia 4500 | ||
|---|---|---|---|
| 005 | 20250108125101.0 | ||
| 008 | 008 250107s9999 xx 000 0 hin d | ||
| 020 | _a978-93-90372-54-6 | ||
| 037 | _aTB | ||
| 040 |
_aCRL _bhin _cCRL |
||
| 041 |
_ahin _2hin |
||
| 084 | _aO152,3N33x Q5 | ||
| 084 | _qCRL | ||
| 100 | _aभोसले, सदानंद, ले. | ||
| 245 | 0 |
_aअसगर वज़ाहत के मंचीय नाटक: जिस लाहौर नइ देख्या ओ जम्याई नई गोडसेए गांधी . कॉम _cभोसले, सदानंद, ले. |
|
| 260 |
_aवाराणसी, भारत _bए. बी. एस. पब्लिकेशन _c3250 |
||
| 300 | _a152पृ0 | ||
| 365 |
_aINR _b695 |
||
| 650 | _aहिन्दी साहित्यहिन्दी नाटक | ||
| 942 |
_cTB _hO152,3N33x Q5 |
||
| 999 |
_c1235638 _d1235638 |
||